Promoción de la lectura en la biblioteca y en el aula

Saved in:
書目詳細資料
Main Authors: Venegas, María Clemencia (Author), Muñoz, Margarita (Author), Bernal, Luis Darío (Author)
格式: 圖書
語言:西班牙语
出版: Buenos Aires Aique 1997
版:2a. ed
叢編:Biblioteca de Temas Pedagógicos. Didáctica
主題:
標簽: 添加標簽
沒有標簽, 成為第一個標記此記錄!

MARC

LEADER 00000nam a2200000 a 4500
001 UCH6212
003 CL-VaPUC
008 091109e19970000AG |||||||||||||||||spa|d
020 |a 9507012753 
082 0 4 |a 372.414  |b VEN  |2 21 
100 0 |a Venegas, María Clemencia  |e author  |9 542633 
700 0 |a Muñoz, Margarita  |e author  |9 542634 
700 0 |a Bernal, Luis Darío  |e author  |9 542635 
245 1 0 |a Promoción de la lectura en la biblioteca y en el aula 
250 |a 2a. ed 
300 |a 362 p 
942 |c BK 
945 |d 20091109 00:00:00  |a lazolas 
260 |a Buenos Aires  |b Aique  |c 1997 
650 0 |a Promoción de la lectura   |9 334232 
650 0 |a Lectura  |9 307634 
650 7 |a HABITO DE LECTURA  |2 CL-VaPUC  |9 334231 
650 7 |a BIBLIOTECAS ESCOLARES  |2 CL-VaPUC  |9 334525 
650 7 |a LIBROS PARA NIÑOS  |2 CL-VaPUC  |9 338707 
650 0 |a Literatura infantil   |9 307465 
650 0 |a Medios de comunicación  |9 257206 
583 |a last modification  |c 20091109 00:00:00  |k Rodrigo Vera 
490 0 |a Biblioteca de Temas Pedagógicos. Didáctica 
999 |c 337149  |d 337147